The rights stuff (Record no. 65305)
[ view plain ]
| 000 -LEADER | |
|---|---|
| fixed length control field | 01177cam a2200253 4500 |
| 001 - CONTROL NUMBER | |
| control field | ABS63205 |
| 008 - FIXED-LENGTH DATA ELEMENTS--GENERAL INFORMATION | |
| fixed length control field | 000000n2000 000 0 eng u |
| 035 ## - SYSTEM CONTROL NUMBER | |
| System control number | (Sirsi) u109394 |
| 100 ## - MAIN ENTRY--PERSONAL NAME | |
| Personal name | Tugnutt, T |
| 245 #4 - TITLE STATEMENT | |
| Title | The rights stuff |
| 260 ## - PUBLICATION, DISTRIBUTION, ETC. | |
| Date of publication, distribution, etc. | 2000 |
| 490 ## - SERIES STATEMENT | |
| Series statement | Building Design |
| Volume/sequential designation | (1460) 13 October 2000, 10(1) |
| 520 ## - SUMMARY, ETC. | |
| Summary, etc. | Looks at the issues raised for planners and architects by the introduction of the Human Rights Act 1998. Suggests that Article 6 is likely to have a profound impact on the planning system, prompting a case to be made for third-party rights of appeal in certain cases. Draws on the experience of Camden, which allows third-party objectors to voice their concerns in planning meetings. Finally investigates how planners and architects are likely to be affected by the right to a fair trial before an independent and impartial tribunal. |
| 590 ## - LOCAL NOTE (RLIN) | |
| Local note | ABS |
| 650 ## - SUBJECT ADDED ENTRY--TOPICAL TERM | |
| Topical term or geographic name entry element | PLANNERS |
| 650 ## - SUBJECT ADDED ENTRY--TOPICAL TERM | |
| Topical term or geographic name entry element | CAMDEN |
| 650 ## - SUBJECT ADDED ENTRY--TOPICAL TERM | |
| Topical term or geographic name entry element | ARCHITECTS |
| 650 ## - SUBJECT ADDED ENTRY--TOPICAL TERM | |
| Topical term or geographic name entry element | THIRD PARTY RIGHTS |
| 650 ## - SUBJECT ADDED ENTRY--TOPICAL TERM | |
| Topical term or geographic name entry element | PLANNING SYSTEM |
| 650 ## - SUBJECT ADDED ENTRY--TOPICAL TERM | |
| Topical term or geographic name entry element | HUMAN RIGHTS ACT 1998 |
| 690 ## - LOCAL SUBJECT ADDED ENTRY--TOPICAL TERM (OCLC, RLIN) | |
| Topical term or geographic name as entry element | ENVIRONMENTAL AND LAND CONSULTANCY-PLANNING AND DEVELOPMENT |
| 700 ## - ADDED ENTRY--PERSONAL NAME | |
| Personal name | Birch, A |
| 942 ## - ADDED ENTRY ELEMENTS (KOHA) | |
| Suppress in OPAC | 0 |
| Withdrawn status | Lost status | Source of classification or shelving scheme | Damaged status | Not for loan | Home library | Current library | Shelving location | Date acquired | Total Checkouts | Full call number | Barcode | Date last seen | Copy number | Price effective from | Koha item type |
|---|---|---|---|---|---|---|---|---|---|---|---|---|---|---|---|
| Dewey Decimal Classification | London | London | Journal article | 17/11/2000 | ABS63205 | 109394-1001 | 06/08/2019 | 1 | 06/08/2019 | Journal article |